[Event "Jalgaon op"]
[Site "Jalgaon"]
[Date "2010.11.26"]
[Round "6"]
[White "Majumdar, Shankar"]
[Black "Praveen Kumar, Chandrasekar"]
[Result "0-1"]
[WhiteElo "2075"]
[BlackElo "2380"]
[PlyCount "46"]
[EventDate "2010.11.23"]
[EventType "swiss"]
[EventRounds "11"]
[EventCountry "IND"]
[SourceTitle "CBM 139 Extra"]
[Source "ChessBase"]
[SourceDate "2011.01.05"]
[SourceVersion "1"]
[SourceVersionDate "2011.01.05"]
[SourceQuality "1"]

1. d4 e6 2. Nf3 Nf6 3. c3 d5 4. Bf4 c5 5. e3 Bd6 6. Bg3 0-0 7. Nbd2 b6 8. Bd3 Ba6 9. Bb1 Bb7 10. Ne5 Ne4 11. f3 Nxd2 12. Qxd2 f5 13. Nd3 Qc7 14. Bxd6 Qxd6 15. f4 Nd7 16. Qf2 Nf6 17. Ne5 Ba6 18. g4 cxd4 19. exd4 Nxg4 20. Qg1 Nxe5 21. dxe5 Qd7 22. Bc2 Rac8 23. 0-0-0 Be2 0-1